000 00613nam a22001817a 4500
005 20251108165511.0
008 250721s1970 xx 000 0 ara d
082 1 4 _aم/913.19564/م
245 1 0 _aخرائط فلسطينيه /
264 1 _aبيروت :
_bمنظمه التحرير الفلسطينيه - مركز اللإبحاث،
_c1970.
300 _a130ص
490 0 _aسلسله خرائط و صور فلسطينيه ؛ 4
650 1 7 _aفلسطين،
650 1 7 _aخرائط
710 2 _aمنظمه التحرير الفلسطينيه0 مركز البحوث
942 _2ddc
_cREF
999 _c29377
_d29377